000 00599nam a2200229Ia 4500
003 OSt
005 20220928124226.0
006 a|||||r|||| 00| 0
007 ta
008 220927b |||||||| |||| 00| 0 eng d
024 _a75375
037 _cTextual
040 _aSDCL
_cSDCL
_beng
041 _2eng
_aeng
082 _aO-,3M43x, L3
100 _aAziz Maqbool Ed.
_9463817
245 0 _aTales of Henry James.8V
260 _aOxford
_bCalifornia Press
_c1973
300 _axv,516p
_ccm.
942 _hO-,3M43x, L3
_cTEXL
_2CC
999 _c776709
_d776709